000 00747nam a2200289Ia 4500
005 20260324133548.0
008 008 260324s9999 xx 000 0 eng d
020 _a9781315257310
037 _aEBOOK
040 _aCRL
040 _beng
040 _cCRL
041 _2eng
041 _aeng
084 _qCRL
100 _aA. Vos; H. Veldhuis; E. Dekker; N.W. den Bok; A.J. Beck
_91193559
245 0 _aDuns Scotus on Divine Love
245 0 _bTexts and Commentary on Goodness and Freedom, God and Humans
260 _bTaylor and Francis
260 _c2003
365 _a
365 _b230
856 _uhttp://www.taylorfrancis.com/books/9781315257310
942 _cEBOOK
999 _c1792724
_d1792724